Nghiên cứu các yếu tố ảnh hưởng đến ý định mua xe ô tô thương hiệu Toyota của khách hàng tại Cần Thơ : Luận văn thạc sĩ ngành Quản trị Kinh doanh

Nội dung luận văn giới thiệu cơ sở lý luận và phương pháp nghiên cứu. Nghiên cứu các yếu tố ảnh hưởng đến ý định mua xe ô tô thương hiệu Toyota của khách hàng tại Cần Thơ. Kết luận, giải pháp và kiến nghị....

Full beskrivning

Sparad:
Bibliografiska uppgifter
Materialtyp: Bok
Språk:Undetermined
Publicerad: Cần Thơ Trường Đại học Cần Thơ 2018
Ämnen:
Taggar: Lägg till en tagg
Inga taggar, Lägg till första taggen!
Thư viện lưu trữ: Trung tâm Học liệu Trường Đại học Cần Thơ
LEADER 01171nam a2200205Ia 4500
001 CTU_227265
008 210402s9999 xx 000 0 und d
082 |a 658.834 
082 |b Nh550 
245 0 |a Nghiên cứu các yếu tố ảnh hưởng đến ý định mua xe ô tô thương hiệu Toyota của khách hàng tại Cần Thơ : 
245 0 |b Luận văn thạc sĩ ngành Quản trị Kinh doanh 
245 0 |c Nguyễn Quỳnh Như ; Lưu Tiến Thuận (cán bộ hướng dẫn) 
260 |a Cần Thơ 
260 |b Trường Đại học Cần Thơ 
260 |c 2018 
520 |a Nội dung luận văn giới thiệu cơ sở lý luận và phương pháp nghiên cứu. Nghiên cứu các yếu tố ảnh hưởng đến ý định mua xe ô tô thương hiệu Toyota của khách hàng tại Cần Thơ. Kết luận, giải pháp và kiến nghị. 
650 |a Consumer behavior,Hành vi người tiêu dùng 
650 |z Vietnam,Việt Nam 
910 |b dqhieu 
980 |a Trung tâm Học liệu Trường Đại học Cần Thơ